Представление документа в формате RUSMARC

ПолеНазваниеЗначение
  Тип записи a
  Библиографический уровень c
001 Контрольный номер RSL-KNO-004355413
005 Дата корректировки 20201206204726.4
010 Индекс ISBN __
a ISBN 978-5-08-004435-9 (в пер.)
d Цена 95-85, 5000 экз.
100 Данные общей обработки __
a Данные общей обработки 19090709d2009 |||y0rusy0189 ca
101 Язык документа 0_
a Язык текста rus
102 Страна публикации __
a Страна публикации RU
102 Страна публикации __
a Страна публикации RU
105 Кодированные данные (монография) __
a Кодированные данные (монография) a |||||||zy
200 Заглавие и сведения об ответственности 1_
a Заглавие Старосветские помещики
e Сведения, относящиеся к заглавию (из цикла "Миргород") : повести : [для среднего школьного возраста]
f Первые сведения об ответственности Н. В. Гоголь ; [вступительная статья В. Гуминского ; комментарии В. Воропаева] ; художник А. Симанчук
b Общее обозначение материала Текст
210 Выходные данные __
a Место издания Москва
c Издательство Детская литература
d Дата издания 2009
215 Физическое описание __
a Объем 170, [2] с.
c Иллюстрации/тип воспроизводства ил.
d Формат 21 см
225 Серия __
a Серия Школьная библиотека
320 Библиография __
a Библиография Комментарии: с. 151-171
327 Примечание о содержании __
a Примечание о содержании Вий
327 Примечание о содержании __
a Примечание о содержании Повесть о том, как поссорился Иван Иванович с Иваном Никифоровичем
330 Аннотация __
a Аннотация В книгу вошли повести из цикла "Миргород".
600 Персоналии __
a Персоналии (Фамилия) Гоголь, Н. В.
c Дополнение к имени писатель русский
f Даты 1809-1852
g Полное имя Николай Васильевич
605 Заглавие как предмет __
a Заглавие Миргород
606 Тематические рубрики __
a Основная рубрика Художественная литература
606 Тематические рубрики __
a Основная рубрика Русская литература XIX в. (произведения)
610 Ключевые слова __
a Ключевые слова классическая литература
610 Ключевые слова __
a Ключевые слова повести
610 Ключевые слова __
a Ключевые слова тема юмора
610 Ключевые слова __
a Ключевые слова тема народа
610 Ключевые слова __
a Ключевые слова тема нечистой силы
610 Ключевые слова __
a Ключевые слова персоналии
610 Ключевые слова __
a Ключевые слова тема помещиков
610 Ключевые слова __
a Ключевые слова тема чиновников
610 Ключевые слова __
a Ключевые слова тема чиновничества
610 Ключевые слова __
a Ключевые слова тема обмана
610 Ключевые слова __
a Ключевые слова тема сатиры
610 Ключевые слова __
a Ключевые слова писатели
610 Ключевые слова __
a Ключевые слова литературная деятельность
610 Ключевые слова __
a Ключевые слова литературная критика
686 Индексы других классификаций __
2 Код системы rubbks
a Классификационный индекс 84(2=411.2)52-4; ст84(2=411.2)1-4
700 Автор _1
a Фамилия Гоголь
b Имя Н. В.
f Даты 1809-1852
g Полное личное имя Николай Васильевич
4 Код отношения 070
702 Вторичная интеллектуальная ответственность _1
a Фамилия Гуминский
b Имя В.
4 Код отношения Автор предисловия и т.д.
4 Код отношения 080
702 Вторичная интеллектуальная ответственность _1
a Фамилия Воропаев
b Имя В.
4 Код отношения Комментатор печатного текста
4 Код отношения 212
702 Вторичная интеллектуальная ответственность _1
a Фамилия Симанчук
b Имя А.
4 Код отношения Художник
4 Код отношения 040
801 Источник записи _0
a Страна RU
b Организация Муниципальное бюджетное учреждение культуры "Централизованная библиотечная система" г. Сургут (Центральная городская библиотека им. А. С. Пушкина)
c Дата составления 20090709
801 Источник записи _1
a Страна RU
b Организация Муниципальное бюджетное учреждение культуры "Централизованная библиотечная система" г. Сургут (Центральная городская библиотека им. А. С. Пушкина)
c Дата составления 20090709
852 Данные о местонахождении __
j Шифр хранения 84(2=411.2)52-4
i Авторский знак Г 58
901 Тип документа __
t Тип документа x
a Ответственный КиК/Лукашук; ООФиК/Волкова
903 Характеристики (МАРС) __
a Дата передачи 20190304; 20100517
969 Тип издания __
a Тип издания издание для детей
990 Данные о заказе (DOS) __
j Количество экземпляров (DOS) 1; 10
t N записи в КСУ для И/У (DOS) 201903; 201006